000 00381pab a2200157 454500
008 180718b2007 xxu||||| |||| 00| 0 eng d
100 _aReddy, S.T. Somashekhara
245 _aDiary of a moneylender
260 _c2007
300 _ap.3037-043.
362 _a21 Jul
650 _aAgricultural credit
773 _aEconomic and Political Weekly
908 _aN
909 _a74889
999 _c74889
_d74889